[Event "Waterkloof op"]
[Site "Pretoria"]
[Date "2017.03.04"]
[Round "3"]
[White "Mwale, Joseph"]
[Black "Reddy, Ananta"]
[Result "1-0"]
[WhiteElo "2132"]
[BlackElo "1651"]
[PlyCount "65"]
[EventDate "2017.03.02"]
[EventType "swiss"]
[EventRounds "6"]
[EventCountry "RSA"]
[SourceTitle "CBM 177 Extra"]
[Source "ChessBase"]
[SourceDate "2017.04.27"]
[SourceVersion "1"]
[SourceVersionDate "2017.04.27"]
[SourceQuality "1"]

1. Nf3 Nf6 2. g3 g6 3. b4 Bg7 4. Bb2 c6 5. a4 0-0 6. c4 d5 7. cxd5 cxd5 8. Bg2 a6 9. 0-0 Nc6 10. b5 axb5 11. axb5 Rxa1 12. Bxa1 Na5 13. Qa4 Nc4 14. d3 Qa5 15. Nc3 Qxa4 16. Nxa4 Na3 17. b6 Bd7 18. Nc5 Rc8 19. Nxb7 Be8 20. Na5 Nd7 21. Bxg7 Kxg7 22. b7 Rc5 23. Ne5 Nb8 24. Nb3 Rb5 25. Nd4 Rb4 26. Ra1 Rxd4 27. Rxa3 Rb4 28. Bxd5 Ba4 29. Rc3 e6 30. Bf3 f6 31. Rc7+ Kh6 32. Ng4+ Kh5 33. Rxh7+ 1-0

[Event "Africa-ch U18"]
[Site "Port Elizabeth"]
[Date "2016.08.26"]
[Round "6"]
[White "Masiya, Mfundo"]
[Black "Reddy, Ananta"]
[Result "1-0"]
[WhiteElo "1290"]
[BlackElo "1698"]
[PlyCount "109"]
[EventDate "2016.08.22"]
[EventType "swiss"]
[EventRounds "9"]
[EventCountry "RSA"]
[SourceTitle "CBM 174 Extra"]
[Source "ChessBase"]
[SourceDate "2016.10.10"]
[SourceVersion "1"]
[SourceVersionDate "2016.10.10"]
[SourceQuality "1"]

1. d4 Nf6 2. Nf3 g6 3. Bf4 Bg7 4. e3 0-0 5. Be2 d5 6. h3 c5 7. c3 Nc6 8. Nbd2 b6 9. 0-0 Bb7 10. a4 a6 11. Ne5 e6 12. a5 cxd4 13. Nxc6 Bxc6 14. exd4 b5 15. Nb3 Qe7 16. Re1 Nd7 17. Qd2 Rfd8 18. Bf1 Rac8 19. g4 Qf8 20. Qe3 h6 21. Qg3 Nf6 22. Bg2 Qe7 23. Nc5 Ra8 24. b4 Ne8 25. Re2 Nd6 26. Rae1 Nc4 27. Qd3 Qf8 28. Bg3 Nd6 29. Bf4 Nb7 30. Qg3 Nxc5 31. dxc5 Qe7 32. Qd3 Qb7 33. Bd6 Rd7 34. f4 Qa7 35. Kh1 Qb7 36. Kg1 Qa7 37. Kh2 Rc8 38. f5 exf5 39. gxf5 g5 40. Re8+ Bf8 41. Rxc8 Rxd6 42. cxd6 Qd7 43. Rxc6 Qxc6 44. Qxd5 Bxd6+ 45. Kh1 Qxc3 46. Re8+ Bf8 47. Qd6 Kh7 48. Rxf8 Qg7 49. Rxf7 Qxf7 50. Qg6+ Qxg6 51. fxg6+ Kxg6 52. Bb7 Kf7 53. Bxa6 Ke7 54. Bxb5 Kd6 55. Bc4 1-0

[Event "Africa-ch U18"]
[Site "Port Elizabeth"]
[Date "2016.08.23"]
[Round "2"]
[White "Sakuze, Karabo"]
[Black "Reddy, Ananta"]
[Result "0-1"]
[WhiteElo "1654"]
[BlackElo "1698"]
[PlyCount "102"]
[EventDate "2016.08.22"]
[EventType "swiss"]
[EventRounds "9"]
[EventCountry "RSA"]
[SourceTitle "CBM 174 Extra"]
[Source "ChessBase"]
[SourceDate "2016.10.10"]
[SourceVersion "1"]
[SourceVersionDate "2016.10.10"]
[SourceQuality "1"]

1. d4 Nf6 2. Nf3 g6 3. Nc3 d5 4. Bg5 Ne4 5. Bf4 Bg7 6. e3 0-0 7. Bd3 f5 8. Qe2 c5 9. Nxd5 cxd4 10. exd4 Nc6 11. c3 e6 12. Ne3 g5 13. Be5 g4 14. Bxg7 gxf3 15. gxf3 Nxc3 16. bxc3 Kxg7 17. 0-0 Kh8 18. Kh1 Qh4 19. Rg1 b6 20. Ng2 Qh6 21. Rae1 Rf6 22. Ne3 Bb7 23. Rg3 Qh5 24. Nf1 f4 25. Rg2 Nxd4 26. cxd4 Bxf3 27. Qe5 Bxg2+ 28. Kxg2 Rg8+ 29. Ng3 Qh6 30. Rh1 Qg7 31. Rc1 Rf7 32. Qxe6 fxg3 33. hxg3 Rgf8 34. Qe3 Qf6 35. f4 Re7 36. Qf2 Qe6 37. Bc4 Qe4+ 38. Kg1 Rf6 39. Bf1 Rd6 40. Rd1 Qe3 41. Qxe3 Rxe3 42. Kf2 Ra3 43. Rd2 Kg7 44. Bc4 Ra4 45. Bb3 Raxd4 46. Rxd4 Rxd4 47. Ke3 Rb4 48. g4 a5 49. a4 Kg6 50. Bd5 Kf6 51. g5+ Kf5 0-1

[Event "RSA-ch U16"]
[Site "Bloemfontein"]
[Date "2016.03.21"]
[Round "3"]
[White "Mazibuko, Khanya"]
[Black "Reddy, Ananta"]
[Result "1-0"]
[WhiteElo "1534"]
[BlackElo "1672"]
[PlyCount "44"]
[EventDate "2016.03.20"]
[EventType "swiss"]
[EventRounds "11"]
[EventCountry "RSA"]
[SourceTitle "CBM 171 Extra"]
[Source "ChessBase"]
[SourceDate "2016.04.26"]
[SourceVersion "1"]
[SourceVersionDate "2016.04.26"]
[SourceQuality "1"]

1. e4 c5 2. Nc3 g6 3. f4 Bg7 4. Nf3 Nc6 5. Bb5 Nd4 6. 0-0 Nxb5 7. Nxb5 Nh6 8. d3 0-0 9. Nc3 e6 10. d4 cxd4 11. Nb5 d5 12. e5 f6 13. exf6 Bxf6 14. Nbxd4 Qb6 15. Kh1 Nf5 16. Nxf5 exf5 17. Re1 Rd8 18. Ne5 Be6 19. b3 Rac8 20. Bb2 Bg7 21. Qd2 Re8 22. Red1 Qc7 1-0

[Event "Wch U20 53rd"]
[Site "Pune"]
[Date "2014.10.18"]
[Round "12"]
[White "Reddy, Ananta"]
[Black "Taalaibekov, Tagir"]
[Result "0-1"]
[WhiteElo "1420"]
[BlackElo "1948"]
[PlyCount "98"]
[EventDate "2014.10.06"]
[EventType "swiss"]
[EventRounds "13"]
[EventCountry "IND"]
[SourceTitle "EXT 2015"]
[Source "ChessBase"]
[SourceDate "2014.11.20"]
[SourceVersion "1"]
[SourceVersionDate "2014.11.20"]
[SourceQuality "1"]

1. c4 c5 2. g3 Nc6 3. Bg2 e5 4. Nc3 d6 5. d3 g6 6. Nf3 Bg7 7. 0-0 Nge7 8. Rb1 0-0 9. a3 a5 10. Bd2 h6 11. Ne1 f5 12. f4 Be6 13. Nd5 Rb8 14. b4 axb4 15. axb4 b5 16. Nxe7+ Nxe7 17. cxb5 Rxb5 18. bxc5 Rxc5 19. Be3 Rc8 20. Bb7 Rc3 21. Bg2 Nd5 22. Bd2 Rc5 23. Rc1 Rxc1 24. Qxc1 Qb6+ 25. Kh1 Rc8 26. Qa3 exf4 27. gxf4 Bb2 28. Qa4 Nf6 29. h3 Nh5 30. Kh2 g5 31. Nf3 Bb3 32. Qb4 Qxb4 33. Bxb4 Nxf4 34. Ng1 Be5 35. Kh1 Nh5 36. Be1 Rc2 37. Bf3 Nf4 38. Bf2 h5 39. Be3 Ne6 40. Bxh5 g4 41. hxg4 Bd5+ 42. Nf3 Rxe2 43. Bg1 Re1 44. Kg2 Nf4+ 45. Kf2 Nxd3+ 46. Kg2 Nf4+ 47. Kf2 Rxf1+ 48. Kxf1 Bxf3 49. Kf2 fxg4 0-1

[Event "Wch U20 53rd"]
[Site "Pune"]
[Date "2014.10.14"]
[Round "8"]
[White "Reddy, Ananta"]
[Black "Sai Agni, Jeevitesh J"]
[Result "0-1"]
[WhiteElo "1420"]
[BlackElo "2068"]
[PlyCount "64"]
[EventDate "2014.10.06"]
[EventType "swiss"]
[EventRounds "13"]
[EventCountry "IND"]
[SourceTitle "EXT 2015"]
[Source "ChessBase"]
[SourceDate "2014.11.20"]
[SourceVersion "1"]
[SourceVersionDate "2014.11.20"]
[SourceQuality "1"]

1. c4 e5 2. g3 Nc6 3. Bg2 d6 4. Nc3 Be6 5. d3 Qd7 6. Rb1 g6 7. Nf3 h6 8. b4 Bg7 9. Nd2 Nge7 10. 0-0 Bh3 11. a3 h5 12. Nf3 h4 13. e3 Bxg2 14. Kxg2 hxg3 15. fxg3 Qh3+ 16. Kf2 f5 17. Bb2 g5 18. Rh1 g4 19. Ng1 Qh6 20. Nd5 0-0 21. h4 Nxd5 22. cxd5 Ne7 23. Bc1 Nxd5 24. Ne2 Kh8 25. Qd2 f4 26. exf4 exf4 27. gxf4 Rae8 28. Kg3 Re3+ 29. Kg2 Qe6 30. Ng3 Nxf4+ 31. Kh2 Rxg3 32. Kxg3 Nh5+ 0-1

[Event "Wch U20 53rd"]
[Site "Pune"]
[Date "2014.10.06"]
[Round "1"]
[White "Gahan, MG."]
[Black "Reddy, Ananta"]
[Result "1-0"]
[WhiteElo "2252"]
[BlackElo "1420"]
[PlyCount "57"]
[EventDate "2014.10.06"]
[EventType "swiss"]
[EventRounds "13"]
[EventCountry "IND"]
[SourceTitle "EXT 2015"]
[Source "ChessBase"]
[SourceDate "2014.11.20"]
[SourceVersion "1"]
[SourceVersionDate "2014.11.20"]
[SourceQuality "1"]

1. e4 c5 2. Nf3 g6 3. d4 cxd4 4. Qxd4 Nf6 5. Bb5 a6 6. e5 axb5 7. exf6 Nc6 8. Qd5 Nb4 9. Qb3 e6 10. Bd2 Nd5 11. Qxb5 b6 12. c4 Nxf6 13. 0-0 Bg7 14. Be3 0-0 15. Bxb6 Qe7 16. Rd1 Ba6 17. Qb3 Rfb8 18. c5 Ne4 19. Qc2 d5 20. cxd6 Qb7 21. Bd4 Bxd4 22. Rxd4 Rc8 23. Nc3 Nc5 24. b4 Nd7 25. Qb2 Bc4 26. Nd2 Qc6 27. Nxc4 e5 28. Nd5 Re8 29. Rd2 1-0

[Event "Wch U14"]
[Site "Durban"]
[Date "2014.09.21"]
[Round "2"]
[White "Reddy, Ananta"]
[Black "Machlik, Endre"]
[Result "1/2-1/2"]
[WhiteElo "1420"]
[BlackElo "1902"]
[PlyCount "53"]
[EventDate "2014.09.20"]
[EventType "swiss"]
[EventRounds "11"]
[EventCountry "RSA"]
[SourceTitle "CBM 162 Extra"]
[Source "ChessBase"]
[SourceDate "2014.10.17"]
[SourceVersion "1"]
[SourceVersionDate "2014.10.17"]
[SourceQuality "1"]

1. d4 Nf6 2. c4 e6 3. Nc3 Bb4 4. Bg5 c5 5. Nf3 cxd4 6. Nxd4 Qa5 7. Bd2 0-0 8. a3 Bxc3 9. Bxc3 Qd8 10. c5 b6 11. cxb6 Qxb6 12. Qb3 Qxb3 13. Nxb3 Nc6 14. Nd4 Nxd4 15. Bxd4 Ba6 16. Bxf6 gxf6 17. e3 Bxf1 18. Rxf1 h5 19. 0-0-0 d5 20. Kb1 Rab8 21. Rd2 Rb3 22. Rc1 Rfb8 23. Ka1 R8b5 24. Ka2 Rb8 25. Rc8+ Rxc8 26. Kxb3 Rc4 27. a4 1/2-1/2

[Event "Commonwealth-ch"]
[Site "Glasgow"]
[Date "2014.07.02"]
[Round "3"]
[White "Giulian, Philip Maurice"]
[Black "Reddy, Ananta"]
[Result "1-0"]
[WhiteElo "2216"]
[BlackElo "1362"]
[PlyCount "81"]
[EventDate "2014.06.30"]
[EventType "swiss"]
[EventRounds "9"]
[EventCountry "SCO"]
[SourceTitle "CBM 161 Extra"]
[Source "ChessBase"]
[SourceDate "2014.08.29"]
[SourceVersion "1"]
[SourceVersionDate "2014.08.29"]
[SourceQuality "1"]

1. d4 Nf6 2. c4 e6 3. Nf3 Bb4+ 4. Nbd2 c5 5. a3 Bxd2+ 6. Bxd2 b6 7. Bg5 0-0 8. e3 d5 9. cxd5 exd5 10. Qc2 Nbd7 11. Bd3 h6 12. Bh4 Bb7 13. 0-0 Rc8 14. dxc5 bxc5 15. Bf5 Rc6 16. Rfd1 Rb6 17. Bxd7 Qxd7 18. Qxc5 Ne4 19. Qd4 Rc8 20. Rac1 Rxc1 21. Rxc1 Qb5 22. b4 Ba6 23. h3 Qa4 24. Qxd5 Qxa3 25. Qa8+ Kh7 26. Qxe4+ Kg8 27. Rd1 Rb8 28. Qf4 Rf8 29. Be7 Qa4 30. Rd4 Re8 31. Bc5 Bb7 32. Qc7 Qa1+ 33. Kh2 Bxf3 34. gxf3 Qf1 35. Qg3 Re6 36. Rg4 g6 37. Bxa7 Ra6 38. Bd4 Kh7 39. Qe5 f6 40. Qe7+ Kh8 41. Bxf6+ 1-0

[Event "Wch U12"]
[Site "Al Ain"]
[Date "2013.12.28"]
[Round "11"]
[White "Ozen, Deniz"]
[Black "Reddy, Ananta"]
[Result "1-0"]
[WhiteElo "1896"]
[BlackElo "1270"]
[PlyCount "77"]
[EventDate "2013.12.18"]
[EventType "swiss"]
[EventRounds "11"]
[EventCountry "UAE"]
[SourceTitle "CBM 158 Extra"]
[Source "ChessBase"]
[SourceDate "2014.02.28"]
[SourceVersion "1"]
[SourceVersionDate "2014.02.28"]
[SourceQuality "1"]

1. e4 c5 2. Nf3 g6 3. d4 cxd4 4. Qxd4 Nf6 5. e5 Nc6 6. Qa4 Nd5 7. Qe4 Nb6 8. Bf4 Bg7 9. Nc3 0-0 10. 0-0-0 Re8 11. Bc4 Nxc4 12. Qxc4 a6 13. Ng5 e6 14. Nf3 b5 15. Qd3 Qb6 16. Kb1 Qxf2 17. Ne4 Qb6 18. Qd6 Qa5 19. Bd2 b4 20. Nf6+ Kh8 21. Nxe8 Qd8 22. Nxg7 Kxg7 23. Bg5 Qa5 24. Bf6+ Kg8 25. Nd4 Nxd4 26. Rxd4 Bb7 27. Qxd7 Bxg2 28. Rhd1 Rf8 29. Qd8 Qxd8 30. Rxd8 Bc6 31. Rxf8+ Kxf8 32. Rd8+ Be8 33. c4 bxc3 34. bxc3 h6 35. c4 g5 36. c5 g4 37. c6 a5 38. c7 a4 39. Rxe8+ 1-0

[Event "Wch U12"]
[Site "Al Ain"]
[Date "2013.12.23"]
[Round "7"]
[White "Zhang, Leo"]
[Black "Reddy, Ananta"]
[Result "0-1"]
[WhiteElo "1754"]
[BlackElo "1270"]
[PlyCount "124"]
[EventDate "2013.12.18"]
[EventType "swiss"]
[EventRounds "11"]
[EventCountry "UAE"]
[SourceTitle "CBM 158 Extra"]
[Source "ChessBase"]
[SourceDate "2014.02.28"]
[SourceVersion "1"]
[SourceVersionDate "2014.02.28"]
[SourceQuality "1"]

1. d4 d5 2. c4 e6 3. Nc3 Nf6 4. cxd5 exd5 5. Bg5 Nbd7 6. e3 Be7 7. Qc2 c6 8. Bd3 h6 9. Bh4 0-0 10. Nf3 Re8 11. 0-0 Ne4 12. Bxe7 Qxe7 13. Nd2 Ndf6 14. Rae1 Nxd2 15. Qxd2 Ne4 16. Qc2 Ng5 17. e4 Bd7 18. e5 Ne6 19. Rd1 Kh8 20. Bf5 Qg5 21. f4 Qh5 22. Bxe6 fxe6 23. Rf3 Rg8 24. Qf2 Raf8 25. Rdd3 Be8 26. h3 Qg6 27. Kh2 Qh7 28. Ne2 Bg6 29. Rb3 Be4 30. Rg3 g5 31. Qe3 gxf4 32. Nxf4 Rxg3 33. Qxg3 Qf5 34. Rxb7 Qxf4 35. Qxf4 Rxf4 36. g4 a6 37. Rb6 Rf2+ 38. Kg3 Rc2 39. Rxa6 Bd3 40. Rb6 Bb5 41. Kf4 Rf2+ 42. Kg3 Rxb2 43. Kh4 Rxa2 44. Kh5 Rh2 45. Kxh6 Rxh3+ 46. Kg6 Bd3+ 47. Kg5 Bb5 48. Kg6 Bd3+ 49. Kg5 Bh7 50. Rxc6 Bg8 51. Kg6 Rh4 52. Kg5 Rh7 53. Rc8 Rg7+ 54. Kh5 Kh7 55. g5 Bf7+ 56. Kg4 Kg6 57. Rc1 Bg8 58. Rf1 Rf7 59. Rh1 Rf5 60. Rh8 Rxg5+ 61. Kh4 Bf7 62. Rf8 Rf5 0-1